00392nam a2200157Ia 4500008004100000020000700041082001500048100002100063245001800084250000900102260004100111300002900152500000700181600003300188650001300221240925s9999 xx 000 0 und d aNA a297.14 ISL aIslahi ,M. Yusuf 0aEveryday Fiqh a15th aLahore:bIslamic Publicationc,2010. axii,722p.bIIfPhotocopy aNA aHumanities & Natural Science aReligion